| 000 | 00577 a2200157 4500 | ||
|---|---|---|---|
| 003 | NUST | ||
| 005 | 20221223162119.0 | ||
| 040 | _cNust | ||
| 082 | _a355,YAM | ||
| 100 |
_aYamin, Dr Tughral _9105772 |
||
| 245 |
_aCyber space CBMs : _bbetween Pakistan and India / _cDr Tughral Yamin |
||
| 260 |
_aNUST _bIslamabad _c2014 |
||
| 300 | _axiii,227 p.: | ||
| 505 | _aIntroduction (Page-1), International Initiatives to create (Page-35), Existing Domestic Laws (Page-81), Information CBMs between Pakistan and India (Page-89), The Way Forward (Page-113). | ||
| 942 |
_2ddc _cBK _k355,YAM |
||
| 999 |
_c211231 _d211231 |
||